| 000 | 00522nam a2200181 a 4500 | ||
|---|---|---|---|
| 020 | _a0030761735 | ||
| 082 | 0 | 0 |
_a515 _bBER _cL-38 , P-188 |
| 100 | 1 |
_aBerkey, Dennis D. _939196 |
|
| 245 | 1 | 0 |
_aApplied calculus / _cDennis Berkey. |
| 250 | _a3rd ed. | ||
| 260 |
_aFort Worth : _bSaunders College Pub., _cc1994. |
||
| 300 |
_axxii, 839, 52, 7 p. : _bill. (some col.) ; _c24 cm. |
||
| 500 | _aIncludes index. | ||
| 526 |
_a0 _b0 _c0 _d515_000000000000000_BER |
||
| 650 | 0 | _aCalculus. | |
| 650 | 0 |
_aMCE _9379 |
|
| 942 |
_2ddc _cBK |
||
| 999 |
_c543719 _d543719 |
||